Les Illuminations, Op. 18. Serenade, Op. 31. Variationes, Op. 10

Bibliographic Details
Main Author: Britten, Benjamin, 1913-1976 (skl)
Corporate Author: Slovenský komorný orchester (uci)
Other Authors: Javorský, Igor, 1960- (anr), Hajóssyová, Magdaléna, 1946- (roz), Schreier, Peter, 1935-2019 (roz), Damm, Peter (roz), Katreniak, Marián (gup)
Format: Book
Language:Slovak
PhysicalDescription:1 kompaktná platňa (71 min. 52 sek.) stereo
Published: Bratislava Opus 1998
Subjects:

MARC

LEADER 00000nam a2200000 a 4500
001 vtls001330372
003 SK-MaSNL
005 20260331203322.0
008 130606s1998 xo 0 slo
015 |a SNBJ1998/03-02202 
035 |a SNK000283234 
040 |a SNK  |b slo  |c SNK  |e AACR2 
044 |a xo  |c SK 
080 |a 785.7(086.7)  |2 1981 
100 1 |a Britten, Benjamin,  |d 1913-1976  |4 skl  |9 119058 
245 1 |a Les Illuminations, Op. 18. Serenade, Op. 31. Variationes, Op. 10  |h zvukový dokument  |c Benjamin Britten 
260 |a Bratislava  |b Opus  |c 1998 
300 |a 1 kompaktná platňa (71 min. 52 sek.)  |b stereo 
500 |a Design Marián Katreniak 
505 0 |a Obsahuje 3 diela 
508 |a Notes Igor Javorský 
511 |a Bohdan Warchal, dirigent 
511 |a Spievajú Magdaléna Hajóssyová, Peter Schreier 
511 |a Peter Damm, lesný roh 
511 |a Hrá Slovenský komorný orchester 
650 0 7 |a komorná hudba  |x platne kompaktné  |2 SNK  |9 290709 
655 7 |a kompaktné platne  |2 SNK  |9 70690 
700 1 |a Warchal, Bohdan,  |d 1930-2000  |4 dir  |9 99647 
700 1 |a Javorský, Igor,  |d 1960-  |4 anr  |9 191950 
700 1 |a Hajóssyová, Magdaléna,  |d 1946-  |4 roz  |9 112745 
700 1 |a Schreier, Peter,  |d 1935-2019  |4 roz  |9 210283 
700 1 |a Damm, Peter  |4 roz  |9 633235 
700 1 |a Katreniak, Marián  |4 gup  |9 44749 
710 2 |a Slovenský komorný orchester  |4 uci  |9 98896 
999 |c 976144  |d 978074 
952 |t P60, <03>, [BOOK], {603}  |a SNK  |b SNK  |y PREZ  |7 0  |p 17A0134115  |o snkSCD 746  |i snkJK 232/98  |0 0  |1 0  |4 0  |d 1998-05-06  |l 0  |r 2005-01-02 00:00:00  |w 2026-02-24